00669nam a2200193 a 4500001001000000003000500010005001700015008004100032010001100073011001100084040000900095100003700104245014300141260003700284300001000321502009700331650002200428650002500450000107663CHAP20220329143938.0131003s2011 mx |rm |0|||||spa d a104125 a105097 cCHAP1 aGuerrero Mantilla, Juan Norberto10aFactibilidad de una inversión en la producción de jitomate en bioespacio en Tixtla de Guerrero /cpor Juan Norberto Guerrero Mantilla. aCocula, Gro. :bEl autor,c2011. a97 h. aTesis (Ing. Agrónomo Fitotecnista) -- Colegio Superior Agropecuario del Estado de Guerrero14aTomatexGuerrero.14aTomatexRendimiento.